[Event "37th Olympiad w"]
[Site "Turin ITA"]
[Date "2006.05.25"]
[Round "5"]
[White "Frick,D"]
[Black "Peng Zhaoqin"]
[Result "0-1"]
[WhiteElo "1907"]
[BlackElo "2395"]

1.e4 d6 2.d4 Nf6 3.Nc3 c6 4.Be3 Nbd7 5.f3 b5 6.Qd2 Bb7 7.g4 h6 8.Nh3 e5 9.Bg2 exd4
10.Bxd4 b4 11.Ne2 c5 12.Bf2 Ne5 13.O-O Be7 14.Nhf4 d5 15.exd5 g5 16.Nh5 Nxh5
17.gxh5 Qxd5 18.Qxd5 Bxd5 19.Bg3 Nc4 20.Rfd1 Bc6 21.Bh1 O-O 22.Rab1 Rad8
23.b3 Ne3 24.Rd3 Nxc2 25.Rbd1 Rxd3 26.Rxd3 Re8 27.Kf2 c4 28.bxc4 Bc5+ 29.Kf1 Ne3+
30.Ke1 Nxc4 31.Bg2 Bb5 32.Bf1 Ne3 33.Rd2 b3 34.axb3 Bb4 35.Bh3 Rd8  0-1

[Event "37th Olympiad w"]
[Site "Turin ITA"]
[Date "2006.05.27"]
[Round "6"]
[White "Zepeda,L"]
[Black "Bashkite,V"]
[Result "0-1"]
[WhiteElo "2122"]
[BlackElo "2205"]

1.e4 d6 2.d4 Nf6 3.Nc3 c6 4.Bg5 h6 5.Bh4 Qb6 6.Rb1 e5 7.dxe5 dxe5 8.a3 Be7
9.Nf3 Bg4 10.h3 Bh5 11.Bg3 Nbd7 12.Bc4 O-O 13.O-O Rad8 14.Qe2 Qc5 15.Ba2 b5
16.Bh2 a5 17.g4 Bg6 18.Nh4 Bh7 19.Nf5 Rfe8 20.h4 b4 21.axb4 axb4 22.Nd1 Bxf5
23.exf5 Nd5 24.Bg3 N7b6 25.Kh1 Bf6 26.Ne3 Nf4 27.Qf3 Nbd5 28.Qe4 Ne2 29.Nxd5 Nxg3+
30.fxg3 cxd5 31.Qe2 e4 32.Rfd1 Re7 33.Kg2 d4 34.Qc4 Qe5 35.Re1 e3 36.Qd3 Qb8
37.Bc4 Be5 38.g5 Bxg3 39.Rh1 Qf4 40.f6 Re4 41.Qe2 Bxh4 42.Rh3 Qxg5+ 43.Kh1 Qxf6
44.Rf1 Bf2 45.Rxf2 Qxf2  0-1

[Event "37th Olympiad w"]
[Site "Turin ITA"]
[Date "2006.05.28"]
[Round "7"]
[White "Pintor,A"]
[Black "Chierici,M"]
[Result "1-0"]
[WhiteElo "2064"]
[BlackElo "1922"]

1.e4 d6 2.d4 Nf6 3.Nc3 e5 4.Nge2 Be7 5.g3 O-O 6.Bg2 Nbd7 7.O-O c6 8.h3 Re8
9.Be3 Nb6 10.b3 Bf8 11.Qd2 Be6 12.f4 Qc7 13.Kh2 Rad8 14.Rad1 Bc8 15.Qc1 Nfd7
16.Rf2 a6 17.Rdf1 exd4 18.Bxd4 c5 19.Be3 g6 20.f5 Bg7 21.fxg6 fxg6 22.Bg5 Ne5
23.Bxd8 Qxd8 24.Qd2 Qe7 25.Nf4 Be6 26.a4 Nbd7 27.Ncd5 Qd8 28.Nxe6 Rxe6 29.Nf4 Rf6
30.Qd5+ Kh8 31.Qxb7 c4 32.Qxa6 Nc5 33.Qb5 cxb3 34.cxb3 Qa8 35.Nd5 Rxf2 36.Rxf2 Ncd3
37.Rf1 Nc5 38.a5 h5 39.b4 Ne6 40.Nb6 Qd8 41.a6 h4 42.a7 Nc7 43.Qa4 hxg3+
44.Kh1 Na8 45.Nxa8 Qxa8 46.Rc1 Kh7 47.Qa6  1-0

[Event "9th L.Kaplun Mem"]
[Site "Ternopil UKR"]
[Date "2006.05.29"]
[Round "9"]
[White "Jamashev,E"]
[Black "Nazarevich,V"]
[Result "1/2-1/2"]
[WhiteElo "2320"]
[BlackElo "2329"]

1.e4 d6 2.d4 Nf6 3.Nc3 Nbd7 4.Nf3 e5 5.Bc4 Be7 6.O-O O-O 7.a4 c6 8.Re1 Qc7
9.Bb3 h6 10.dxe5 dxe5 11.h3 Nc5 12.Ba2 Rd8 13.Qe2 Be6 14.Be3 Bxa2 15.Bxc5 Bxc5
16.Nxa2 Rd7 17.Rad1 Rad8 18.Rxd7 Rxd7 19.b4 Be7 20.Qc4 a5 21.c3 Kf8 22.Nc1 axb4
23.cxb4 Qd6 24.Na2 Ne8 25.b5 cxb5 26.axb5 Rc7 27.Qb3 Rc5 28.Nc3 Nc7 29.Rd1 Qb6
30.Nd5 Nxd5 31.Rxd5 Rxd5 32.Qxd5 f6  1/2-1/2

[Event "37th Olympiad w"]
[Site "Turin ITA"]
[Date "2006.05.31"]
[Round "10"]
[White "Borsuk,A"]
[Black "Srebrnic,A"]
[Result "1/2-1/2"]
[WhiteElo "2341"]
[BlackElo "2302"]

1.d4 d6 2.e4 Nf6 3.Nc3 e5 4.Nf3 Nbd7 5.g3 Be7 6.Bg2 O-O 7.O-O c6 8.a4 b6
9.h3 Bb7 10.Be3 a6 11.Qe2 b5 12.Nh4 g6 13.axb5 axb5 14.dxe5 dxe5 15.Rfd1 Qc7
16.Bh6  1/2-1/2

[Event "37th Olympiad w"]
[Site "Turin ITA"]
[Date "2006.06.02"]
[Round "11"]
[White "Swathi,G"]
[Black "Calotescu,A"]
[Result "1-0"]
[WhiteElo "2262"]
[BlackElo "2325"]

1.e4 d6 2.d4 Nf6 3.Nc3 e5 4.Nf3 Nbd7 5.Bc4 Be7 6.O-O O-O 7.a4 c6 8.Re1 b6
9.h3 a6 10.dxe5 dxe5 11.Ba2 Qc7 12.Nh4 Bb4 13.Qf3 Ne8 14.Nf5 Ndf6 15.Bg5 Be6
16.Re3 Kh8 17.Ne2 Bd2 18.Bxf6 Nxf6 19.Rd3 Bb4 20.c3 Bxf5 21.Qxf5 Be7 22.Ng3 g6
23.Qf3 Kg7 24.Qe2 b5 25.h4 Rad8 26.h5 Rxd3 27.Qxd3 Rd8 28.Qe2 Bc5 29.b4 Ba7
30.Qf3 Rd2 31.h6+ Kxh6 32.Qxf6 Rxf2 33.Qh4+ Kg7 34.Kh1 Qd7 35.axb5 axb5 36.Bb3 Rb2
37.Rd1 Bd4 38.Nf5+ gxf5 39.Qg3+ Kf8 40.cxd4 f4 41.Qc3 Rxg2 42.Kxg2 Qg4+ 43.Kf2 Qh4+
44.Ke2 Qh2+ 45.Kd3 f3 46.Qd2 f2 47.Qe3 exd4 48.Qf3  1-0

[Event "IHEM"]
[Site "Hamburg GER"]
[Date "2006.06.03"]
[Round "1"]
[White "Ewaldt,M"]
[Black "Bodnar,A"]
[Result "0-1"]
[WhiteElo "2104"]
[BlackElo "2398"]

1.e4 d6 2.d4 Nf6 3.Nc3 Nbd7 4.f4 e5 5.dxe5 dxe5 6.fxe5 Nxe5 7.Qxd8+ Kxd8
8.Bg5 c6 9.Nf3 Bd6 10.O-O-O Ke7 11.Be2 Bc7 12.h3 h6 13.Be3 Nfd7 14.Nd4 g6
15.Rhf1 a6 16.Nf3 f6 17.Kb1 b5 18.b3 Bb6 19.Bc1 Bc5 20.Bb2 Bb7 21.a3 Rad8
22.Na2 Nxf3 23.gxf3 Ne5 24.f4 Nf7 25.Nc1 Rxd1 26.Bxd1 Bc8 27.Nd3 Bb6 28.Bg4 h5
29.Bxc8 Rxc8 30.f5 g5 31.Re1 g4 32.h4 g3 33.Re2 Rg8 34.Rg2 Rg4 35.e5 fxe5
36.Bxe5 Nxe5 37.Nxe5 Re4 38.Ng6+ Kf6 39.Rxg3 Kxf5 40.Rg5+ Kf6 41.Nf8 Rxh4
42.Rg6+ Kf5 43.Rxc6 Rh1+ 44.Kb2 Bd4+ 45.c3 Rh2+ 46.Kb1 Be5 47.Nd7 Bg7 48.a4 bxa4
49.bxa4 h4 50.Rc4 h3 51.Rh4 Bxc3 52.Nc5 Bf6 53.Rh7 Kg6  0-1

[Event "37th Olympiad w"]
[Site "Turin ITA"]
[Date "2006.06.03"]
[Round "12"]
[White "Estrada Gaspar,N"]
[Black "Arribas,M"]
[Result "0-1"]
[WhiteElo "2029"]
[BlackElo "2235"]

1.e4 d6 2.d4 Nf6 3.Nc3 Nbd7 4.Nf3 e5 5.dxe5 dxe5 6.Bc4 Bc5 7.Bg5 c6 8.Qe2 O-O
9.O-O-O Qc7 10.Rd3 b5 11.Bb3 a5 12.Bxf6 Nxf6 13.Ng5 a4 14.Bxf7+ Rxf7 15.Nxf7 Kxf7
16.Rf3 Be6 17.g4 Kg8 18.Rg3 Bc4 19.Qf3 Rf8 20.Qg2 Qa7 21.Nd1 Bxa2 22.Rh3 Be6
23.Rh4 a3  0-1

[Event "2nd Festival"]
[Site "Lodi ITA"]
[Date "2006.06.05"]
[Round "1"]
[White "Wohl,A"]
[Black "Finocchiaro,G"]
[Result "1-0"]
[WhiteElo "2432"]
[BlackElo "1934"]

1.e4 d6 2.d4 Nf6 3.Nc3 c6 4.Bg5 Qa5 5.Qd2 Nbd7 6.f4 b5 7.Bd3 h6 8.Bh4 b4
9.Nce2 e5 10.Nf3 exf4 11.Bxf6 Nxf6 12.Nxf4 c5 13.e5 dxe5 14.dxe5 Nd7 15.e6 Nb6
16.Ne5 Bb7 17.exf7+ Kd8 18.Bf5+ Ke7 19.Nfg6+ Kf6 20.O-O  1-0

[Event "2nd Festival"]
[Site "Lodi ITA"]
[Date "2006.06.06"]
[Round "2"]
[White "Tissir,M"]
[Black "Luciani,V"]
[Result "1-0"]
[WhiteElo "2439"]
[BlackElo "2242"]

1.e4 d6 2.d4 Nf6 3.Nc3 c6 4.h3 b5 5.Bd3 e5 6.Nf3 Qc7 7.O-O Be7 8.Ne2 O-O
9.Ng3 Re8 10.Re1 a6 11.c3 Nbd7 12.a4 Rb8 13.b3 Bf8 14.Bb2 c5 15.axb5 axb5
16.dxe5 Nxe5 17.Nxe5 dxe5 18.c4 bxc4 19.Bxc4 Be6 20.Bc3 Nd7 21.Nf5 Nb6 22.Ba5 Qc6
23.Bxb6 Rxb6 24.Ne3 Bxc4 25.bxc4 Rb4 26.Qc2 Ra8 27.Nd5 Rba4 28.Rab1 Qg6 29.Rb6 Qg5
30.Reb1 h6 31.Rb8 Ra2 32.Rxf8+ Kh7 33.Qb3 R8a3 34.Qb7 Rxf2 35.Kxf2 Qd2+ 36.Kg1 Rg3
37.Nf6+ Kg6 38.Qxf7+ Kg5 39.Qh5+  1-0

[Event "2nd Open"]
[Site "San Marino SMR"]
[Date "2006.06.08"]
[Round "5"]
[White "Bottino,A"]
[Black "Damia,A"]
[Result "1/2-1/2"]
[WhiteElo "2048"]
[BlackElo "2183"]

1.e4 d6 2.d4 Nf6 3.Nc3 e5 4.dxe5 dxe5 5.Qxd8+ Kxd8 6.Bg5 Be6 7.O-O-O+ Nd7
8.f4 exf4 9.Nf3 a6 10.e5 h6 11.Bh4 g5 12.Nxg5 hxg5 13.Bxg5 Kc8 14.exf6 Bh6
15.Bxh6 Rxh6 16.Be2 Rxf6 17.Nd5 Bxd5 18.Rxd5 c6 19.Rd4 Kc7 20.Rf1 Rg8 21.Rf2  1/2-1/2

[Event "28th Nezhmetdinov mem"]
[Site "Kazan RUS"]
[Date "2006.06.09"]
[Round "9"]
[White "Fedoseev,Vl"]
[Black "Kupreichik,V"]
[Result "0-1"]
[WhiteElo "2300"]
[BlackElo "2455"]

1.e4 Nf6 2.Nc3 d6 3.d4 c6 4.Nf3 g6 5.Be2 Bg7 6.O-O O-O 7.h3 Qc7 8.Be3 b5
9.a3 Bb7 10.Qd2 Nbd7 11.Rad1 a6 12.Bh6 c5 13.Bxg7 Kxg7 14.Nd5 Bxd5 15.exd5 Nb6
16.dxc5 Qxc5 17.Nd4 Nbxd5 18.Bf3 e6 19.Rfe1 Rfe8 20.c3 Rad8 21.g4 h6 22.h4 Nb6
23.Qc1 e5 24.g5 hxg5 25.Nf5+ Kh8 26.hxg5 Nh7 27.Ng3 d5 28.Kg2  0-1

[Event "VIII Open"]
[Site "Salou ESP"]
[Date "2006.06.09"]
[Round "3"]
[White "Marco Molina,R"]
[Black "Garcia Castro,P"]
[Result "0-1"]
[WhiteElo "2017"]
[BlackElo "2309"]

1.d4 d6 2.e4 Nf6 3.Nc3 Nbd7 4.f4 e5 5.Nf3 exd4 6.Qxd4 c6 7.Be3 d5 8.e5 Ng4
9.Bg1 Bc5 10.Qd2 Bxg1 11.Rxg1 Qb6 12.O-O-O Nxh2 13.Nd4 Ng4 14.e6 Ndf6 15.exf7+ Kxf7
16.Bd3 Re8 17.Rde1 Bd7 18.Bf5 Bxf5 19.Nxf5 Qc5 20.Na4 Qf8 21.Nc3 g6 22.Nd4 Rxe1+
23.Rxe1 Re8 24.f5 Rxe1+ 25.Qxe1 Qh6+ 26.Kb1 Qe3 27.fxg6+ hxg6 28.Nf3 Qxe1+
29.Nxe1 Ne3 30.Kc1 Ke6 31.b3 c5 32.Kd2 d4 33.Ne2 Ne4+ 34.Kd3 Nf2+ 35.Kd2 Nf1+
36.Kc1 Kf5 37.b4 b6 38.bxc5 bxc5 39.Kb2 Ke4 40.Ng1 g5 41.Kb3 Nd2+ 42.Ka4 g4
43.Kb5 c4 44.Ka6 Ke3 45.Kxa7 Nfe4 46.a4 Kf2 47.Nh3+ gxh3 48.gxh3 Kxe1 49.h4 d3
50.cxd3 cxd3 51.h5 Nc4  0-1

[Event "IHEM"]
[Site "Hamburg GER"]
[Date "2006.06.10"]
[Round "8"]
[White "Kekelidze,M"]
[Black "Meyer,Fa"]
[Result "1-0"]
[WhiteElo "2520"]
[BlackElo "2322"]

1.d4 d6 2.e4 Nf6 3.Nc3 c6 4.f4 Qa5 5.Bd3 e5 6.Nf3 Bg4 7.Be3 Be7 8.O-O Nbd7
9.Qe1 h6 10.Nd2 exf4 11.Nc4 Qc7 12.Bxf4 g5 13.Bxd6 Bxd6 14.e5 Bxe5 15.dxe5  1-0

[Event "10th Heraclion Open"]
[Site "Athens GRE"]
[Date "2006.06.15"]
[Round "6"]
[White "Stiri,A"]
[Black "Petraki,M"]
[Result "1/2-1/2"]
[WhiteElo "2180"]
[BlackElo "2094"]

1.e4 d6 2.d4 Nf6 3.Nc3 e5 4.dxe5 dxe5 5.Qxd8+ Kxd8 6.Bc4 Be6 7.Bxe6 fxe6
8.Bg5 Bd6 9.O-O-O Nd7 10.Nf3 a6 11.Bh4 Ke7 12.Rhe1 h6 13.h3 g5 14.Bg3 b5
15.h4 g4 16.Nd2 Nh5 17.Bh2 Rhf8 18.Rf1 Bc5 19.f3 g3 20.Bg1 Nf4 21.Bxc5+ Nxc5
22.a3 Rab8 23.Rg1 a5 24.Rde1 b4 25.Ne2 bxa3 26.bxa3 Rb5 27.Nxg3 Rd8 28.Re3 Na4
29.Ne2 Nxe2+ 30.Rxe2 Nc3 31.Ree1 Na2+ 32.Kd1 Nc3+ 33.Kc1 Na2+ 34.Kd1 Nc3+
35.Kc1  1/2-1/2

[Event "VIII Open"]
[Site "Salou ESP"]
[Date "2006.06.15"]
[Round "9"]
[White "Jorge Bort,E"]
[Black "Garcia Castro,P"]
[Result "0-1"]
[WhiteElo "2197"]
[BlackElo "2309"]

1.e4 d6 2.d4 Nf6 3.Nc3 e5 4.Nf3 Nbd7 5.Bc4 Be7 6.O-O O-O 7.Qe2 c6 8.a4 h6
9.Rd1 Qc7 10.h3 Nh7 11.b3 Re8 12.Ba3 Ndf8 13.dxe5 dxe5 14.Bxe7 Qxe7 15.Qe3 Ng6
16.Rd2 Nf4 17.Rad1 Ng5 18.Bf1 Qf6 19.Nxg5 Qxg5 20.Kh2 Ne6 21.Qxg5 hxg5 22.Ne2 a5
23.Ng3 g6 24.Bc4 Kf8 25.Kg1 Ke7 26.f3 Rb8 27.Nf1 Nd4 28.c3 Ne6 29.Ne3 Nc5
30.Kf2 Kf6 31.Rd6+ Kg7 32.Rd8 Kf8 33.R8d2 Ke7 34.Ra2 Ra8 35.Rad2 Ra7 36.Ke2 b6
37.Rd6 Rc7 38.R6d2 Rf8 39.Ra2 Ra7 40.Rda1 Ba6 41.Kf2 Rd8 42.b4 Bxc4 43.Nxc4 Nd3+
44.Ke3 axb4 45.Rd2 Nf4 46.Rxd8 Kxd8 47.Nxe5 Kc7 48.cxb4 f6 49.Nd3 Nxg2+ 50.Kf2 Nf4
51.Ke3 Ne6 52.f4 Kd6 53.Rd1 Ke7 54.fxg5 Nxg5 55.h4 Nf7 56.Ra1 Nd6 57.e5 Nf5+
58.Ke4 Nxh4 59.exf6+ Kxf6 60.a5 bxa5 61.bxa5 Nf5 62.Nb4 c5 63.Nd5+ Ke6 64.Nf4+ Kd6
65.Nxg6 Nd4 66.a6 Nc2 67.Rd1+ Kc6 68.Ne5+ Kb5 69.Rb1+ Nb4 70.Nd3 Re7+ 71.Kf5 Ra7
72.Ke4 Rxa6 73.Nxb4 cxb4 74.Kd3 Rc6 75.Rh1 Ka4 76.Rh8 Ka3 77.Ra8+ Kb2 78.Ra7 b3
79.Kd2 Kb1 80.Ra8 b2 81.Ra7 Rd6+ 82.Ke2 Rd4 83.Ke3 Rd1 84.Ke2 Rd5 85.Ra8 Kc2
86.Rc8+ Kb3 87.Rb8+ Ka3 88.Rb7 Ra5 89.Kd2 Ka2  0-1

[Event "Summer-3"]
[Site "Alushta UKR"]
[Date "2006.06.17"]
[Round "2"]
[White "Rogovski,V"]
[Black "Ivanov,AA"]
[Result "1-0"]
[WhiteElo "2476"]
[BlackElo "2419"]

1.e4 d6 2.d4 Nf6 3.Nc3 c6 4.f4 Qa5 5.Bd3 e5 6.Nf3 Bg4 7.Be3 Qb6 8.Ne2 Nbd7
9.Qd2 Qc7 10.O-O Be7 11.Ng3 Nh5 12.Nxh5 Bxh5 13.h3 f6 14.Nh4 Bf7 15.Nf5 Bf8
16.Qf2 g6 17.Nxd6+ Qxd6 18.fxe5 Qe6 19.exf6 O-O-O 20.b3 Bb4 21.c3 Ba5 22.Rad1 Bc7
23.Bf4 Bxf4 24.Qxf4 Nf8 25.Be2 Qd6 26.e5 Qa3 27.Rd2 Ne6 28.Qe3 Kb8 29.Rfd1 Nc7
30.c4 Qa5 31.Bf3 h5 32.Kh1 Rhe8 33.h4 Rd7 34.a4 Red8 35.Rd3 a6 36.Be4 Qb6
37.Qd2 a5 38.Qc3 Ne6 39.d5 Nc5 40.e6 Nxd3 41.Rxd3 Qf2 42.Qe5+ Rd6 43.c5 Qxc5
44.exf7 Kc7 45.Rc3 Qf2 46.f8=Q Qxh4+ 47.Kg1 Rxf8 48.dxc6 Qxf6 49.Qxa5+ Kb8
50.c7+ Kc8  1-0

[Event "Open A"]
[Site "Balatonlelle HUN"]
[Date "2006.06.17"]
[Round "1"]
[White "Papp,Ge"]
[Black "Pichl,M"]
[Result "0-1"]
[WhiteElo "2291"]
[BlackElo "2106"]

1.e4 d6 2.d4 Nf6 3.Nc3 Nbd7 4.Nf3 e5 5.Bc4 Be7 6.O-O O-O 7.Re1 a6 8.a4 b6
9.Bg5 Bb7 10.Qd2 c6 11.Bxf6 Bxf6 12.d5 c5 13.Ra3 g6 14.Ne2 Bg7 15.Ng3 h6
16.Bf1 Kh7 17.h4 Bf6 18.h5 Bg5 19.Nxg5+ hxg5 20.Rf3 g4 21.Rb3 Qh4 22.c4 a5
23.f4 Rae8 24.hxg6+ fxg6 25.f5 g5 26.Be2 Bc8 27.Kf2 Nf6 28.Qe3 Nxe4+ 29.Qxe4 Bxf5
30.Qe3 Bc2+ 31.Kg1 Bxb3 32.Qxb3 e4 33.Bf1 Rf3 34.Qb5 Ref8 35.Qd7+ R8f7 36.Qxd6 Qxg3
37.Qxg3 Rxg3 38.Rxe4 Rb3 39.Rxg4 Rxb2 40.Bd3+ Kh6 41.Re4 Rd2 42.Re6+ Kg7
43.Be4 Rf6 44.Re7+ Kf8 45.Rb7 Rd4 46.Bf3 Rxc4 47.Rb8+ Kg7 48.Rb7+ Kg6 49.Be2 Rd4  0-1

[Event "Open A"]
[Site "Voronezh RUS"]
[Date "2006.06.18"]
[Round "6"]
[White "Popov,Iv RUS"]
[Black "Bocharov,D"]
[Result "1-0"]
[WhiteElo "2482"]
[BlackElo "2559"]

1.e4 d6 2.d4 Nf6 3.Nc3 e5 4.Nf3 Nbd7 5.Bc4 Be7 6.O-O O-O 7.Re1 c6 8.a4 exd4
9.Nxd4 Ne5 10.Be2 Re8 11.f4 Ng6 12.g3 Bf8 13.Bf3 Bd7 14.h4 Qc8 15.h5 Ne7
16.f5 Kh8 17.g4 h6 18.Bf4 Neg8 19.Qd3 Rd8 20.Kg2 Nh7 21.Nb3 Ngf6 22.Rad1 Be8
23.Na5 Ng5 24.e5 dxe5 25.Qxd8 Qxd8 26.Rxd8 Rxd8 27.Nxb7 Rd7 28.Bxe5 Nxg4
29.Bxg4 Rxb7 30.f6 Bd7 31.Bxd7 Rxd7 32.Rd1 Rxd1 33.Nxd1 g6 34.Ne3 gxh5 35.Nf5 Kh7
36.Ne7 c5 37.a5 a6 38.b3 h4 39.c3 h3+ 40.Kh1 Nf3 41.Bf4 h5 42.Be3 Bh6 43.Bxc5 Nd2
44.b4 Ne4 45.Bd4 Nd6 46.Nd5 Kg6 47.Nc7 Bf4 48.b5 Nxb5 49.Nxb5 axb5 50.a6 Bb8
51.Be5 Ba7 52.Kh2 Kf5 53.Bd4 Bb8+ 54.Kxh3 Kg5 55.Be5 Ba7 56.Kg3 Kf5 57.Bd4 Bb8+
58.Kh4 Kg6 59.Be5 Ba7 60.Kg3 Kf5 61.Bd4 Bb8+ 62.Kf3 h4 63.Kg2 Kg6 64.Bf2 Kxf6
65.Bxh4+ Ke6 66.Bg3 Ba7 67.Bf2 Bb8 68.a7 Bxa7 69.Bxa7 Kd5 70.Bb6 Ke4 71.Kf2 f5
72.Ke2 f4 73.Bf2  1-0

[Event "Open A"]
[Site "Balatonlelle HUN"]
[Date "2006.06.20"]
[Round "4"]
[White "Videki,S"]
[Black "Czebe,A"]
[Result "0-1"]
[WhiteElo "2414"]
[BlackElo "2505"]

1.d4 d6 2.e4 Nf6 3.Nc3 e5 4.Nf3 Nbd7 5.Bc4 Be7 6.O-O O-O 7.a4 a5 8.Re1 c6
9.h3 exd4 10.Nxd4 Nc5 11.Bf4 Re8 12.Qf3 Qb6 13.Rad1 Ncd7 14.Nf5 Ne5 15.Bxe5 dxe5
16.Nxe7+ Rxe7 17.b3 Be6 18.Bxe6 Rxe6 19.Rd3 Ree8 20.Red1 Rad8 21.Ne2 Rxd3
22.Qxd3 Re7 23.Qd6 Re6 24.Qd8+ Qxd8 25.Rxd8+ Re8 26.Rxe8+ Nxe8 27.Nc1 Nd6
28.Nd3 Nxe4 29.Nxe5 Nd6 30.Kf1 f6 31.Nf3 Kf7 32.Ke2 Ke6 33.Kd3 Kd5 34.Nd4 Ne4
35.c4+ Ke5 36.Ke3 Nc5 37.Nf3+ Kd6 38.Nd2 f5 39.g3 Ne6 40.Kd3 Kc5 41.Kc3 Ng5
42.h4 Ne4+ 43.Nxe4+ fxe4 44.g4 b5 45.cxb5 cxb5 46.axb5 Kxb5 47.Kc2 h6 48.h5 Kc5
49.Kd1 Kd6 50.Kd2 Kd5 51.Ke2 Kc5 52.Kd1  0-1

[Event "Open A"]
[Site "Voronezh RUS"]
[Date "2006.06.20"]
[Round "8"]
[White "Mihajlovskij,S"]
[Black "Efanov,N"]
[Result "1-0"]
[WhiteElo "2414"]
[BlackElo "2268"]

1.d4 d6 2.e4 Nf6 3.Nc3 e5 4.dxe5 dxe5 5.Qxd8+ Kxd8 6.Bc4 Be6 7.Bxe6 fxe6
8.f3 Bd6 9.Nh3 Ke7 10.Nf2 Nbd7 11.Be3 a6 12.a4 Rhg8 13.Ke2 Raf8 14.Nd3 g5
15.g4 h5 16.Rag1 h4 17.b3 Nh7 18.Ra1 Rb8 19.Rhb1 Kf6 20.Nd1 Nhf8 21.N1b2 Ng6
22.Nc4 Nf4+ 23.Nxf4 exf4 24.Bd4+ Ke7 25.b4 e5 26.Bf2 b6 27.Rb3 Ra8 28.Rd1 Rg6
29.Rbd3 Rd8 30.Rd5 Re6 31.c3 Rb8 32.h3 Nf6 33.R5d2 Kd7 34.Rb1 Kc8 35.Rbd1 Be7
36.b5 axb5 37.axb5 Ra8 38.Kd3 Ra4 39.Nb2 Rd6+ 40.Kc2 Rxd2+ 41.Rxd2 Ra5 42.c4 Nd7
43.Rd1 Bc5 44.Be1 Ra3 45.Rd3 Ra1 46.Rd1 Ra3 47.Rd3 Ra1 48.Rd1 Ra3  1-0

[Event "ITT Club Argentino"]
[Site "Buenos Aires ARG"]
[Date "2006.06.21"]
[Round "1"]
[White "Real de Azua,E"]
[Black "Guerrero,Alv"]
[Result "1-0"]
[WhiteElo "2388"]
[BlackElo "2181"]

1.e4 d6 2.d4 Nf6 3.Nc3 e5 4.Nf3 Nbd7 5.Bc4 Be7 6.O-O O-O 7.Re1 Rb8 8.a4 c6
9.d5 c5 10.Nd2 a6 11.a5 Re8 12.Bf1 Nf8 13.Nc4 Ng6 14.g3 Bg4 15.f3 Bd7 16.Nb6 h6
17.Be3 Nh7 18.Qe2 Bg5 19.Bf2 h5 20.h4 Bh6 21.Nxd7 Qxd7 22.Na4 Ngf8 23.Nb6 Qe7
24.Bh3 Nf6 25.Reb1 N8d7 26.Nc4 Rec8 27.b4 Rc7 28.bxc5 Nxc5 29.Rb6 Rd8 30.Rb4 Nfd7
31.Nb6 Qf6 32.Nc4 g6 33.Rab1 Qe7 34.Nb6 Rb8 35.Rc4 Nf8 36.Kg2 Kg7 37.Rbb4 Rd8
38.Na4 Nxa4 39.Rxa4 Rb8 40.Bb6 Rxc4 41.Qxc4 g5 42.Qc7 Qe8 43.hxg5 Bxg5 44.Rc4 Be7
45.Qxb8 Qxb8 46.Rc8 Qxc8 47.Bxc8 Kf6 48.Bc7  1-0

[Event "II Perla Baltyku"]
[Site "Mielno POL"]
[Date "2006.06.21"]
[Round "2"]
[White "Grabarczyk,B"]
[Black "Cherednichenko,S"]
[Result "1/2-1/2"]
[WhiteElo "2475"]
[BlackElo "2238"]

1.e4 d6 2.d4 Nf6 3.Nc3 e5 4.Nf3 Nbd7 5.Bc4 Be7 6.O-O O-O 7.Re1 c6 8.a4 b6
9.d5 cxd5 10.Bxd5 Nxd5 11.Nxd5 Nf6 12.Nxe7+ Qxe7 13.b3 Bb7 14.Qd3 Nd7 15.Ba3 Nc5
16.Bxc5 dxc5 17.a5 Rfd8 18.Qb5 Qc7  1/2-1/2

[Event "Open A"]
[Site "Balatonlelle HUN"]
[Date "2006.06.22"]
[Round "6"]
[White "Berczes,C"]
[Black "Varga,Zo"]
[Result "1-0"]
[WhiteElo "2395"]
[BlackElo "2515"]

1.e4 d6 2.d4 Nf6 3.Nc3 Nbd7 4.g3 e5 5.Bg2 c6 6.a4 Be7 7.Nge2 b6 8.O-O O-O
9.b3 Bb7 10.Bb2 a6 11.Qd2 Qc7 12.Nd1 Rfe8 13.Ne3 Bf8 14.dxe5 dxe5 15.Rad1 Nc5
16.f3 b5 17.axb5 axb5 18.Nc1 Rad8 19.Qe2 Ne6 20.Nd3 Nd4 21.Qf2 c5 22.Ba1 Ra8
23.Bc3 Red8 24.b4 cxb4 25.Bxb4 Bxb4 26.Nxb4 Ra3 27.Rb1 g6 28.Rfe1 Kg7 29.Bf1 Bxe4
30.fxe4 Nxe4 31.Ned5 Rxd5 32.Nxd5 Qc5 33.Rxe4 Nf3+ 34.Kg2 Qxd5 35.Bd3 Ng5
36.Rxb5 Qa8 37.Rxe5 f5 38.Re7+ Kh6 39.Qf4  1-0

[Event "20th Open"]
[Site "Pula CRO"]
[Date "2006.06.22"]
[Round "6"]
[White "Markosian,D"]
[Black "Elbilia,J"]
[Result "0-1"]
[WhiteElo "2397"]
[BlackElo "2333"]

1.e4 d6 2.d4 Nf6 3.Nc3 e5 4.Nf3 Nbd7 5.Bc4 Be7 6.O-O O-O 7.Re1 c6 8.a4 a5
9.Ba2 h6 10.h3 Re8 11.Nh4 exd4 12.Qxd4 Nc5 13.Ng6 Be6 14.Nxe7+ Qxe7 15.Bf4 Rad8
16.e5 dxe5 17.Qxe5 Qf8 18.Be3 Bd5 19.Qf5 Ne6 20.Bb6 Rd7 21.Nxd5 Nxd5 22.Bxa5 Ra8
23.Bd2 Rxa4 24.Bb3 Ne7 25.Bxe6 Nxf5 26.Bxd7 Rxa1 27.Rxa1 Nd4 28.Re1 Qd6 29.Bg4 f5
30.Be2 Nf3+ 31.Bxf3 Qxd2 32.Re7 Qc1+ 33.Kh2 Qf4+ 34.Kg1 Qc1+ 35.Kh2 Qxb2
36.c4 g5 37.Rd7 Qxf2 38.Rxb7 c5 39.Rd7 g4 40.Bd5+ Kh8 41.hxg4 Qh4+ 42.Kg1 Qe1+
43.Kh2 Qh4+ 44.Kg1 fxg4 45.Rf7 h5 46.Kf1 Qg3 47.Ke2 h4 48.Rb7 Qe5+ 49.Kf2 h3
50.gxh3 Qh2+ 51.Ke3 g3 52.Rb8+ Kh7 53.Be4+ Kg7 54.Rb6 Qf2+  0-1

[Event "Summer-3"]
[Site "Alushta UKR"]
[Date "2006.06.23"]
[Round "8"]
[White "Moroz,A"]
[Black "Ivanov,AA"]
[Result "1-0"]
[WhiteElo "2505"]
[BlackElo "2419"]

1.e4 d6 2.d4 Nf6 3.Nc3 e5 4.Nf3 Nbd7 5.g3 Be7 6.Bg2 O-O 7.O-O c6 8.a4 a5
9.Re1 Re8 10.b3 Qc7 11.Bb2 b6 12.Qd2 Ba6 13.Rad1 Rad8 14.Qc1 h6 15.Nh4 Bf8
16.Nf5 Nb8 17.d5 cxd5 18.Nxd5 Nxd5 19.Rxd5 Nd7 20.Rdd1 Nf6 21.c4 Bb7 22.Ba3 Kh7
23.Qb1 g6 24.Ne3 Nd7 25.Nd5 Bxd5 26.cxd5 Nc5 27.Bf1 Bg7 28.Rc1 Rf8 29.Rc4 Qd7
30.Qd1 h5 31.h4 Bh6 32.Kh2 Rb8 33.Rc3 Qe7 34.Bh3 Rfd8 35.Re2 Kg7 36.Re1 Rh8
37.b4 axb4 38.Bxb4 Ra8 39.Ra3 Rhb8 40.Bf1 Rf8 41.a5 bxa5 42.Bxc5 dxc5 43.d6 Qe6
44.Bh3 Qc4 45.d7 Qd4 46.Qf3 c4 47.Rd1 Bd2 48.Ra4 Qb2 49.Rxc4 Bb4 50.Rc8 Be7
51.d8=Q Rxd8 52.Rdxd8 Rxc8 53.Rxc8 a4 54.Rc7 Qb4 55.Bf1  1-0

[Event "ITT Club Argentino"]
[Site "Buenos Aires ARG"]
[Date "2006.06.23"]
[Round "3"]
[White "Diaz,Rob"]
[Black "Guerrero,Alv"]
[Result "1-0"]
[WhiteElo "2307"]
[BlackElo "2181"]

1.e4 d6 2.d4 Nf6 3.Nc3 e5 4.Nf3 Nbd7 5.Bc4 Be7 6.O-O O-O 7.Re1 c6 8.a4 b6
9.Bg5 Bb7 10.Qe2 Qc7 11.Rad1 a6 12.dxe5 dxe5 13.Nh4 b5 14.Nf5 Bc5 15.Bb3 g6
16.Nh6+ Kg7 17.Qf3 Be7 18.Ng4 h5 19.Bh6+ Kh7 20.Nxf6+ Nxf6 21.Bxf8 Rxf8 22.Rd2 b4
23.Nd1 c5 24.Qd3 Rd8 25.Qe2 Rxd2 26.Qxd2 Nxe4 27.Qe2 Bh4 28.Qc4 Qc6 29.Qxf7+ Kh6
30.Qf8+ Kg5 31.Rf1 Ng3 32.f4+  1-0

[Event "II Perla Baltyku"]
[Site "Mielno POL"]
[Date "2006.06.23"]
[Round "4"]
[White "Mickiewicz,P"]
[Black "Cherednichenko,S"]
[Result "1/2-1/2"]
[WhiteElo "2364"]
[BlackElo "2238"]

1.e4 d6 2.d4 Nf6 3.Nc3 e5 4.Nf3 Nbd7 5.Be2 Be7 6.O-O O-O 7.Re1 c6 8.a4 b6
9.Bf1 Bb7 10.b3 Re8 11.Bb2 Bf8 12.g3 a6 13.Bg2 Qc7 14.Qd2 b5 15.Rad1 b4 16.Nb1 c5
17.d5 Rab8 18.Bf1 Nb6 19.c4 bxc3 20.Bxc3 Nxe4 21.Rxe4 Bxd5 22.Qc2 Bxe4 23.Qxe4 d5
24.Bxe5 Bd6 25.Bxd6 Qxd6 26.Qf4 Qxf4 27.gxf4 a5 28.Bb5 Re4 29.Ne5 Rxf4 30.Nc6 Ra8
31.Ne7+ Kf8 32.Nxd5 Rd8 33.Nbc3 Rg4+ 34.Kf1 Nc8 35.Re1 Nd6 36.Bc6 Rh4 37.Kg2 Nf5
38.Nb5 Rh6 39.Bb7 Rg6+ 40.Kf1 Rh6 41.Rc1 Rxh2 42.Rxc5 g6 43.Rc8 Rxc8 44.Bxc8 Ne7
45.Bb7 Nf5 46.Nb6 Rh3 47.Bd5 Ne7 48.Bc4 Nc6 49.Kg2 Rh5 50.Nd5 Rg5+ 51.Kh3 h5
52.Nd6 Nd4 53.Nb7 Nf3 54.Ne3 Ng1+ 55.Kh2 Nf3+ 56.Kh3 Ng1+  1/2-1/2

[Event "Open A"]
[Site "Balatonlelle HUN"]
[Date "2006.06.24"]
[Round "8"]
[White "Kende,G"]
[Black "Pichl,M"]
[Result "1-0"]
[WhiteElo "2232"]
[BlackElo "2106"]

1.d4 d6 2.e4 Nf6 3.Nc3 Nbd7 4.Nf3 e5 5.Be2 g6 6.h3 Bg7 7.O-O O-O 8.dxe5 dxe5
9.b3 b6 10.Ba3 Re8 11.Bc4 Bh6 12.Qd3 c6 13.Qe2 b5 14.Bd3 Nh5 15.Rfd1 Nf4
16.Qf1 Qa5 17.Bb2 Bf8 18.a3 a6 19.Ne2 Qc7 20.Nxf4 exf4 21.Qe1 Bg7 22.Bxg7 Kxg7
23.Qc3+ Ne5 24.Bf1 Bb7 25.a4 Kg8 26.axb5 Nxf3+ 27.gxf3 axb5 28.Rxa8 Rxa8
29.Bxb5 Ra5 30.Qf6 Ra8 31.Bc4 Re8 32.e5 Bc8 33.Kg2 Be6 34.Bxe6 fxe6 35.Rd6 c5
36.Qxf4 Rf8 37.Qc4 Qf7 38.Qxe6 Qxe6 39.Rxe6 c4 40.b4 c3 41.Rc6 Rb8 42.Rxc3 Rxb4
43.Rc7 h6 44.Kg3 g5 45.c4 Kf8 46.h4 Rb2 47.hxg5 hxg5 48.Kg4 Rb3  1-0

[Event "II Perla Baltyku"]
[Site "Mielno POL"]
[Date "2006.06.26"]
[Round "7"]
[White "Majdan,J"]
[Black "Cherednichenko,S"]
[Result "1-0"]
[WhiteElo "2297"]
[BlackElo "2238"]

1.e4 d6 2.d4 Nf6 3.Nc3 e5 4.Nf3 Nbd7 5.Bc4 Be7 6.O-O O-O 7.Re1 c6 8.a4 b6
9.Ba2 Bb7 10.Nh4 Nxe4 11.Nf5 Nef6 12.dxe5 dxe5 13.Qf3 Bc5 14.Bg5 Qc7 15.Ne4 Nd5
16.Nxc5 bxc5 17.Bh6 g6 18.Bxf8 Rxf8 19.Ne3 Nxe3 20.Qxe3 Kg7 21.Rad1 Re8 22.Rd2 Re7
23.Red1 Nf6 24.Rd6 h6 25.Bc4 Qa5 26.Qf3 Nh5 27.Rd7 e4 28.Qc3+ Qxc3 29.bxc3 Kf8
30.Rd8+ Kg7 31.R1d7 Kf6 32.Rxe7 Kxe7 33.Rb8  1-0